000 00580nam a2200217Ia 4500
003 OSt
005 20230502143611.0
008 210423s2020 xx 000 0 und d
020 _a978-1-78715-026-3
040 _cAL
041 _aeng
082 _a519.6
_223
_bSINA
100 _aSINGH (Shruti)
_996093
245 _aAdvanced topics in discrete optimization
260 _aUK
_bkruger Brentt Publishers
_c2020
300 _aviii,201
_bHB
365 _b5844
_cINR
650 _aStatistics
_996094
906 _aAdvanced ; discrete ; optimization ; topics
942 _2ddc
_cBK
999 _c170665
_d170665